000 00553nam a2200169Ia 4500
999 _c22217
_d22217
003 OSt
005 20200515090735.0
008 190216s9999||||xx |||||||||||||| ||und||
040 _coclc
082 _a297.0922
_bSID/H
100 _aSiddiqi, Muhammad Iqbal
_92181
245 0 _aHumanity At Death`S Door /
_cMuhammad Iqbal Siddiqi
260 _bInternational Islamic Publishers,
_c1987.
_aNew Delhi:
300 _a202p
650 0 _aHistory & geography
_vIslamic History
_92271
942 _cBK
_2ddc
_h297.0922
_iSID/H
_k297.0922
_mSID/H